000 00379nab a22001097u 4500
008 130520b1984 xxu||||| |||| 00| 0 spa d
041 _aspa
100 1 _aLorscheider, Aloísio
_965580
245 0 0 _aRedefinición de la figura del obispo en el ámbito popular pobre y religioso
_cAloísio Lorscheider
773 0 _tConcilium
_gV.2,1984,págs.383-386
_x0210-1041
_wRev134
942 _cAR
999 _c355115
_d355115